Wird geladen...

DEMOCRACY AND DISCIPLINE

Bibliographische Detailangaben
1. Verfasser: INDIRA,Gandhi
Format: Printed Book
Veröffentlicht: NEW DELHI
Schlagworte:
LEADER 00397nam a2200169 4500
020
082
100 |a INDIRA,Gandhi. 
245 |a DEMOCRACY AND DISCIPLINE  |h English 
250
260 |a NEW DELHI 
300 |a 180 p  |f HB 
650 |a DEMOCRACY AND DISCIPLINE 
700
942 |c TB 
999 |c 149651  |d 149651 
952 |0 0  |1 0  |4 0  |7 0  |9 163111  |a ORI  |b ORI  |l 0  |p ORI1176/M  |r 2019-10-25  |w 2019-10-25  |y TB